[Event "Wiesbaden op 27th"]
[Site "Wiesbaden"]
[Date "2015.08.29"]
[Round "5"]
[White "Laux, Dominik"]
[Black "Wilk, David"]
[Result "1-0"]
[WhiteElo "1273"]
[BlackElo "1734"]
[PlyCount "118"]
[EventDate "2015.08.27"]
[EventType "swiss"]
[EventRounds "7"]
[EventCountry "GER"]
[SourceTitle "EXT 2016"]
[Source "ChessBase"]
[SourceDate "2015.10.08"]
[SourceVersion "1"]
[SourceVersionDate "2015.10.08"]
[SourceQuality "1"]

1. d4 Nf6 2. Nf3 e6 3. Bf4 b6 4. e3 Bb7 5. Nbd2 d5 6. Bd3 g6 7. h3 Bg7 8. 0-0 Nbd7 9. c3 0-0 10. Qc2 c5 11. Rfe1 c4 12. Bf1 b5 13. Bh2 a5 14. Kh1 Re8 15. a3 Bf8 16. Ne5 Nxe5 17. dxe5 Nd7 18. Nf3 Nc5 19. Nd4 Qd7 20. Be2 Reb8 21. Reb1 Bc6 22. Bf4 Na6 23. Qd2 b4 24. axb4 axb4 25. Bf3 bxc3 26. bxc3 Nc5 27. Kg1 Rxa1 28. Rxa1 Nd3 29. Be2 Rb2 30. Qd1 Nc5 31. Qc1 Rb8 32. Rb1 Rxb1 33. Qxb1 Qb7 34. Qa2 Nb3 35. Bd1 Nxd4 36. exd4 h6 37. Bd2 Kh7 38. g3 Qd7 39. Kg2 Bg7 40. Qa1 f6 41. f4 fxe5 42. fxe5 Qf7 43. Bc2 h5 44. Qd1 Bh6 45. Qxh5 Qg7 46. Bxh6 Qxh6 47. Bxg6+ Kg7 48. Qxh6+ Kxh6 49. Bc2 Be8 50. g4 Kg5 51. Kg3 Bf7 52. h4+ Kh6 53. g5+ Kh5 54. Bd1+ Kg6 55. Kg4 Kh7 56. Bc2+ Kg7 57. g6 Be8 58. Kg5 Kg8 59. h5 Kg7 1-0

[Event "Heusenstamm Schloss op 1st"]
[Site "Heusenstamm"]
[Date "2014.11.21"]
[Round "3"]
[White "Wilk, David"]
[Black "Fitzke, Tobias"]
[Result "1-0"]
[WhiteElo "1525"]
[BlackElo "959"]
[PlyCount "27"]
[EventDate "2014.11.20"]
[EventType "swiss"]
[EventRounds "7"]
[EventCountry "GER"]
[SourceTitle "CBM 163 Extra"]
[Source "ChessBase"]
[SourceDate "2014.12.23"]
[SourceVersion "1"]
[SourceVersionDate "2014.12.23"]
[SourceQuality "1"]

1. e4 e5 2. Bc4 Nf6 3. Nf3 Nc6 4. 0-0 Nxe4 5. Re1 d5 6. Bb5 a6 7. Bxc6+ bxc6 8. d3 Nc5 9. Nxe5 Be7 10. Nxc6 Qd6 11. Nxe7 Be6 12. Nf5 Qd7 13. Nxg7+ Kf8 14. Nxe6+ 1-0

[Event "Wiesbaden op 26th"]
[Site "Wiesbaden"]
[Date "2014.08.31"]
[Round "7"]
[White "Traut, Stefan"]
[Black "Wilk, David"]
[Result "1-0"]
[WhiteElo "1759"]
[BlackElo "1580"]
[PlyCount "147"]
[EventDate "2014.08.28"]
[EventType "swiss"]
[EventRounds "7"]
[EventCountry "GER"]
[SourceTitle "CBM 162 Extra"]
[Source "ChessBase"]
[SourceDate "2014.10.17"]
[SourceVersion "1"]
[SourceVersionDate "2014.10.17"]
[SourceQuality "1"]

1. d4 d5 2. Nf3 Nf6 3. c4 e6 4. g3 Nbd7 5. Nbd2 Be7 6. Bg2 0-0 7. 0-0 Rb8 8. Qc2 a6 9. e4 dxe4 10. Nxe4 b6 11. Nxf6+ Nxf6 12. Bf4 Bb7 13. Rad1 Be4 14. Qc1 Rc8 15. Ne5 Bxg2 16. Kxg2 Qe8 17. b3 Nh5 18. Be3 Bd6 19. Nf3 f5 20. c5 f4 21. Bd2 fxg3 22. fxg3 Be7 23. Ne5 Bf6 24. c6 Bxe5 25. dxe5 Qg6 26. Qc4 Qe8 27. Bb4 Rxf1 28. Rxf1 Qg6 29. Rf2 a5 30. Ba3 h6 31. Rf1 Rd8 32. Bc1 Rd5 33. Qe2 Rc5 34. Qf3 Rc2+ 35. Kh1 Qe8 36. g4 Nf4 37. Bxf4 Rxc6 38. Rc1 Rxc1+ 39. Bxc1 Qg6 40. Qe2 Qb1 41. Qc4 Kh8 42. a4 c5 43. h4 Qa1 44. Qf4 Qc3 45. Qe3 Qb4 46. Qg3 Qd4 47. Be3 Qe4+ 48. Kh2 Qb1 49. Bf4 Qc2+ 50. Kh3 c4 51. bxc4 Qxc4 52. Qf3 Qxa4 53. Bxh6 Qd7 54. Be3 Qd3 55. h5 b5 56. Kh4 b4 57. g5 Qc4+ 58. Kh3 Qc8 59. h6 Qg8 60. Qh5 gxh6 61. Qxh6+ Qh7 62. Qxh7+ Kxh7 63. Bc5 b3 64. Ba3 Kg6 65. Kg4 a4 66. Bb2 Kg7 67. Kh5 Kh7 68. g6+ Kg7 69. Kg5 Kf8 70. Kf6 Kg8 71. Kxe6 Kg7 72. Kf5 Kf8 73. Kf6 Kg8 74. g7 1-0

[Event "Rheinland Pfalz op 6th"]
[Site "Gau Algesheim"]
[Date "2014.06.19"]
[Round "1"]
[White "Wilk, David"]
[Black "Klein, Gernot"]
[Result "1-0"]
[WhiteElo "1471"]
[BlackElo "1925"]
[PlyCount "111"]
[EventDate "2014.06.19"]
[EventType "swiss"]
[EventRounds "7"]
[EventCountry "GER"]
[SourceTitle "CBM 161 Extra"]
[Source "ChessBase"]
[SourceDate "2014.08.29"]
[SourceVersion "1"]
[SourceVersionDate "2014.08.29"]
[SourceQuality "1"]

1. e4 c5 2. Nc3 e6 3. g3 d5 4. exd5 exd5 5. Bg2 Nf6 6. d3 Be7 7. Bg5 Be6 8. Nge2 Nc6 9. 0-0 0-0 10. Nf4 d4 11. Nxe6 fxe6 12. Ne2 Nd5 13. Bd2 e5 14. c3 Kh8 15. Qb3 Nb6 16. cxd4 cxd4 17. f4 Bf6 18. Rf2 Qd6 19. Rc1 Rac8 20. Bxc6 Rxc6 21. Rxc6 Qxc6 22. fxe5 Be7 23. Rxf8+ Bxf8 24. Qf7 Qc5 25. Nf4 Qe7 26. Qh5 Kg8 27. a3 Qf7 28. Qg4 Be7 29. e6 Qf8 30. Nh5 Kh8 31. Bf4 Nd5 32. Be5 Nf6 33. Nxf6 Bxf6 34. Qxd4 Bd8 35. Qd7 Be7 36. d4 h6 37. Qxb7 a5 38. Qb8 Kg8 39. Qxf8+ Kxf8 40. Bc7 a4 41. Be5 g6 42. d5 Bc5+ 43. Kg2 Ke7 44. Kf3 Bg1 45. g4 Bb6 46. Ke4 Bg1 47. h4 Bf2 48. h5 gxh5 49. gxh5 Bh4 50. Kf5 Bf2 51. d6+ Ke8 52. Kg6 Be3 53. Bg7 Bc5 54. d7+ Kd8 55. Bxh6 Kc7 56. Bg5 1-0